Second Sino-Japanese War Quiz - Statistics

General Stats
  • This quiz has been taken 37 times
  • The average score is 10 of 25
Answer Stats
Year Event Answer % Correct
1937 The notorious massacre Nanjing
84%
1935 This notorious biowarfare unit was established Unit 731
72%
1937 This city was designated as wartime capital Chongqing
68%
1937 Battle in this city lasted more than 3 months, highlighting the defense of a warehouse Shanghai
64%
1931 Japan occupied large territory by raiding this city Shenyang
64%
1937 An incident in this city marked the beginning of the war Beijing
56%
1932 In a park in Shanghai, a hero of this nationality assassinated Japanese officers Korean
48%
1937 The site of the incident where there is now a museum about the war Marco Polo Bridge
44%
1936 An incident in this city forced Chiang Kai-Shek to cooperate with the CPC against Japanese invasion Xi'an
44%
1932 A puppet state was establised, capitaled in this city Changchun
40%
- Location of the unit Harbin
40%
- The German businessman that kept diaries of the incident above John Rabe
40%
1941 China and the Allies fought Japan in this country Myanmar
40%
1943 China and 2 other allies had a conference in this city, ending with a declaration Cairo
32%
1941 This air force group was formed with American help. Hint: 2 words Flying Tigers
28%
1938 In this province, an intentional flood was made to block Japanese troops Henan
28%
- Director of the unit Shiro Ishii
28%
- This declaration states that this territory should be returned to China Taiwan
28%
1945 The members of the biowarfare unit received immunity from this country United States
28%
- ... and also in this province Yunnan
28%
1942 China and other allies signed a treaty in this city Washington, D. C.
24%
- The American that led the group Claire Lee Chennault
20%
1938 This provincial capital was consumed in fire entirely Changsha
16%
1938 Three prestigious universities merged to form a university in this city Kunming
16%
1945 The first province to have a surrender ceremony Hunan
12%
No matching quizzes found
Score Distribution
Percent of People with Each Score
Percentile by Number Answered
Your Score History
You have not taken this quiz